Aventuras de João Sem Medo (Registo nº 197857)

Detalhes MARC
000 -Etiqueta do registo
Valores 00819nam 22002533 4500
010 ## - Número ISBN
ISBN 972-20-1598-2
021 ## - Número do Depósito Legal
Código do país Portugal
Número 136168/99
100 ## - Dados gerais de processamento
Dados gerais 20250915d u||y0pory50 ba
101 ## - Língua de publicação
Língua Português
102 ## - País de publicação
País Portugal
200 ## - Titulo e menção de responsabilidade
Título próprio Aventuras de João Sem Medo
Informação de outro título Panfleto Mágico em Forma de Romance
Primeira menção de responsabilidade José Gomes Ferreira
205 ## - Menção da edição
Edição 19ª (1ª ed. de bolso)
210 ## - Publicação
Local de publicação Lisboa
Nome do editor Publicações Dom Quixote
Data de publicação 1999
215 ## - Descrição física 
Paginação / Volumes 233, [7] p.
Outras indicações físicas Brochado
Dimensões 18 cm
225 ## - Colecção 
Título próprio da colecção Biblioteca de Bolso
Informação de outro título Literatura
Indicação de volume 3
300 ## - Notas gerais 
Texto da nota Contos juvenis
606 ## - Nome comum usado como assunto
ID Autoridade 9253
Palavra de ordem Literatura Juvenil Portuguesa
Subdivisão assunto Contos
675 ## - CDU
Notação 821.134.3-34-93/FER/AVE
Edição PT
Língua por
700 ## - Autor principal (pessoa individual)
ID Autoridade 3894
Apelido Ferreira
Nome José Gomes
Datas 1900-1985
801 ## - Fonte de origem
País PT
Agência BMMN
Regras de catalogação RPC
830 ## - Notas gerais do catalogador
Criado por Carlos Pinto
Data de criação 15-09-2025
Indexado por Carlos Pinto
990 ## - Elementos KOHA
Tipo de documento Livro
Exemplares
Situação do levantamento Biblioteca de origem Código de barras Cota Permissão de empréstimo Tipo de documento Forma de aquisição
  Escola Secundária de Montemor-o-Novo 26027 821.134.3-34-93/FER/AVE   Livro Oferta

Powered by Koha